[Event "Junior Online 4NCL Division 4"]
[Site "online"]
[Date "2021.04.15"]
[EventDate "2021.04.15"]
[Round "7.148"]
[White "Cartwright, Ethan"]
[WhiteElo "956"]
[WhiteTeam "Tetherdown Knights"]
[Black "Tang, Ismini"]
[BlackElo "866"]
[BlackTeam "St James Primary"]
[Result "0-1"]
[PlyCount "44"]

1. e4 e5 2. Nf3 Nc6 3. Nc3 Nf6 4. d4 exd4 5. Nxd4 Nxd4 6. Qxd4 d6 7. Bg5 Be7 8. Nd5 Nxd5 9. Bxe7 Qxe7 10. Qxd5 O-O 11. Bc4 Be6 12. Qd4 Bxc4 13. Qxc4 Rfe8 14. O-O Qxe4 15. Qxc7 Rac8 16. Qxb7 Qxb7 17. c3 Qxb2 18. Rab1 Qxc3 19. Rbc1 Qxc1 20. f3 Qe3+ 21. Kh1 Rc1 22. Rxc1 Qxc1# 0-1

[Event "Junior Online 4NCL Division 4"]
[Site "online"]
[Date "2021.04.15"]
[EventDate "2021.04.15"]
[Round "7.152"]
[White "Robertson, Jamie"]
[WhiteElo "850"]
[WhiteTeam "Rhodes Avenue Rooks"]
[Black "Sisupalan, Beni"]
[BlackElo "1314"]
[BlackTeam "JHJ Shark Tank 6"]
[Result "0-1"]
[PlyCount "44"]

1. e4 e5 2. Nf3 Nc6 3. Nc3 Nf6 4. Bc4 Bc5 5. O-O d6 6. h3 Be6 7. Bxe6 fxe6 8. Ng5 Qe7 9. Nb5 a6 10. Nc3 h6 11. Nf3 O-O 12. d3 Rad8 13. Nh4 Nxe4 14. Ng6 Qf6 15. Nxf8 Nxf2 16. Qd2 Ne4+ 17. Qf2 Nxf2 18. Bd2 Rxf8 19. Na4 Ba7 20. h4 Ng4+ 21. Kh1 Qxf1+ 22. Rxf1 Rxf1# 0-1

[Event "Junior Online 4NCL Division 4"]
[Site "online"]
[Date "2021.04.15"]
[EventDate "2021.04.15"]
[Round "7.153"]
[White "Bryant, Amelie"]
[WhiteElo "1315"]
[WhiteTeam "JHJ Shark Tank 6"]
[Black "Wilson, Donnie"]
[BlackElo "879"]
[BlackTeam "Rhodes Avenue Rooks"]
[Result "1-0"]
[PlyCount "67"]

1. d4 d5 2. c4 c5 3. Nc3 cxd4 4. cxd5 dxc3 5. bxc3 e6 6. c4 exd5 7. cxd5 Nd7 8. Bd2 Nc5 9. e4 Nxe4 10. Qa4+ Bd7 11. Qxe4+ Qe7 12. Qxe7+ Bxe7 13. Bd3 Bc5 14. Ne2 Bg4 15. Rc1 Ba3 16. Rc3 Bb4 17. Rc2 Bxe2 18. Bxe2 Bxd2+ 19. Rxd2 Rc8 20. O-O Ne7 21. Bb5+ Kd8 22. d6 Nf5 23. d7 Rc5 24. Ba4 b5 25. Bb3 Rf8 26. Re1 Nh4 27. Bxf7 Rxf7 28. Re8+ Kc7 29. d8=Q+ Kc6 30. Re6+ Kb7 31. Rd7+ Rxd7 32. Qxd7+ Ka8 33. Re8+ Rc8 34. Rxc8# 1-0

[Event "Junior Online 4NCL Division 4"]
[Site "online"]
[Date "2021.04.15"]
[EventDate "2021.04.15"]
[Round "7.154"]
[White "O'Connor, Ethan"]
[WhiteElo "858"]
[WhiteTeam "Rhodes Avenue Rooks"]
[Black "Sharma, Ishaan"]
[BlackElo "1328"]
[BlackTeam "JHJ Shark Tank 6"]
[Result "0-1"]
[PlyCount "70"]

1. e4 e5 2. Nf3 Nc6 3. d4 exd4 4. Nxd4 Nxd4 5. Qxd4 d6 6. Bc4 Nf6 7. O-O c5 8. Qc3 Be7 9. Bb5+ Bd7 10. Bc4 O-O 11. Qg3 Nxe4 12. Qe3 Bc6 13. Bd3 Bg5 14. Qf3 Nd2 15. Qg3 Nxf1 16. Bxg5 Nxg3 17. Bxd8 Raxd8 18. hxg3 Rfe8 19. Nd2 b5 20. Bf5 g6 21. Bg4 f5 22. Be2 Rxe2 23. Nb3 Rxc2 24. Rb1 Be4 25. Rd1 Rxb2 26. Na5 Rxa2 27. Nb3 Bc2 28. Rd2 Bxb3 29. Rd3 Ra1+ 30. Kh2 Bc4 31. Re3 b4 32. Re2 b3 33. Re3 b2 34. Rc3 b1=Q 35. Rxc4 Qh1# 0-1

[Event "Junior Online 4NCL Division 4"]
[Site "online"]
[Date "2021.04.15"]
[EventDate "2021.04.15"]
[Round "7.156"]
[White "Sisupalan, Beni"]
[WhiteElo "1314"]
[WhiteTeam "JHJ Shark Tank 6"]
[Black "Robertson, Jamie"]
[BlackElo "850"]
[BlackTeam "Rhodes Avenue Rooks"]
[Result "1-0"]
[PlyCount "69"]

1. e4 e5 2. Nf3 Nc6 3. Bc4 Nf6 4. Ng5 Rg8 5. Bxf7+ Ke7 6. Bxg8 Nxg8 7. Nxh7 Nf6 8. Nxf6 Kxf6 9. c3 Kf7 10. Qf3+ Kg8 11. h4 b6 12. h5 Bb7 13. Qg3 Qf6 14. h6 Kh8 15. hxg7+ Kg8 16. gxf8=Q+ Kxf8 17. Qh4 Qxh4 18. Rxh4 Ke7 19. d3 Rg8 20. g3 Rg5 21. Bxg5+ Ke6 22. Rh6+ Kf7 23. Rf6+ Kg7 24. Nd2 Ne7 25. Nf3 Ng6 26. Nh4 Nxh4 27. Bxh4 Bc8 28. O-O-O d6 29. Rh1 Bg4 30. Bg5 Bf3 31. Rhh6 Bg4 32. Rhg6+ Kh7 33. Bh6 Bh5 34. Rg7+ Kh8 35. Rf8# 1-0

[Event "Junior Online 4NCL Division 4"]
[Site "online"]
[Date "2021.04.15"]
[EventDate "2021.04.15"]
[Round "7.157"]
[White "Wilson, Donnie"]
[WhiteElo "879"]
[WhiteTeam "Rhodes Avenue Rooks"]
[Black "Bryant, Amelie"]
[BlackElo "1315"]
[BlackTeam "JHJ Shark Tank 6"]
[Result "1-0"]
[PlyCount "49"]

1. d4 d5 2. e4 e6 3. e5 Nc6 4. Nh3 b6 5. Ng5 h6 6. Nf3 Bb7 7. Bb5 a5 8. c4 Bb4+ 9. Nc3 f6 10. exf6 Nxf6 11. Ne5 Bxc3+ 12. bxc3 Qd6 13. cxd5 exd5 14. c4 Qb4+ 15. Bd2 Qe7 16. Qe2 Qe6 17. Nxc6 Qxe2+ 18. Kxe2 Ne4 19. Rhf1 Rf8 20. f3 Nxd2 21. Kxd2 Rf6 22. Rae1+ Kf7 23. cxd5 Rd8 24. Nxd8+ Kg6 25. Nxb7 1-0

[Event "Junior Online 4NCL Division 4"]
[Site "online"]
[Date "2021.04.15"]
[EventDate "2021.04.15"]
[Round "7.158"]
[White "Sharma, Ishaan"]
[WhiteElo "1328"]
[WhiteTeam "JHJ Shark Tank 6"]
[Black "O'Connor, Ethan"]
[BlackElo "858"]
[BlackTeam "Rhodes Avenue Rooks"]
[Result "1-0"]
[PlyCount "23"]

1. e4 e5 2. Nf3 Nc6 3. Bc4 Nf6 4. Nc3 Bc5 5. d3 O-O 6. O-O Ng4 7. Ng5 d6 8. h3 Nf6 9. Be3 Bxe3 10. fxe3 Nh5 11. Qxh5 g6 12. Qxh7# 1-0

[Event "Junior Online 4NCL Division 4"]
[Site "online"]
[Date "2021.04.15"]
[EventDate "2021.04.15"]
[Round "7.161"]
[White "Hutchins, Andrew"]
[WhiteElo "1449"]
[WhiteTeam "Forest Hall Juniors"]
[Black "Roets, Nicholas"]
[BlackElo "1240"]
[BlackTeam "Wimbledon Juniors A"]
[Result "1/2-1/2"]
[PlyCount "110"]

1. d4 d5 2. c4 e6 3. Nc3 Nf6 4. Bg5 Be7 5. Nf3 O-O 6. e3 Nc6 7. Bd3 h6 8. Bh4 b6 9. O-O Bb7 10. Qe2 a5 11. a3 Qd6 12. Nb5 Qd7 13. Bg3 Rac8 14. Rac1 Bd6 15. Nxd6 cxd6 16. cxd5 Nxd5 17. Bb5 Nde7 18. Rc3 Qd8 19. Rfc1 Na7 20. Ba4 Bc6 21. Bxc6 Rxc6 22. Qa6 Rxc3 23. Rxc3 Nac6 24. e4 d5 25. exd5 exd5 26. Bh4 Qb8 27. Bxe7 Nxe7 28. Ne5 Rc8 29. Rxc8+ Qxc8 30. Qxc8+ Nxc8 31. Kf1 f6 32. Nd7 Kf7 33. Ke2 Ke7 34. Nb8 Ke6 35. g4 Nd6 36. a4 f5 37. f3 fxg4 38. fxg4 g6 39. Nc6 Nc4 40. b3 Nd6 41. h4 h5 42. Kf3 hxg4+ 43. Kxg4 Nf5 44. Kg5 Kd6 45. Ne5 Nxd4 46. Nxg6 Ne6+ 47. Kf6 d4 48. Ne5 Nf4 49. Nc4+ Kc5 50. Kf5 Nh5 51. Kg5 Ng7 52. Kg6 Ne6 53. Kf6 Nf4 54. Kf5 Nh5 55. Kg5 Ng7 1/2-1/2

[Event "Junior Online 4NCL Division 4"]
[Site "online"]
[Date "2021.04.15"]
[EventDate "2021.04.15"]
[Round "7.162"]
[White "Mallick, Ismail"]
[WhiteElo "1075"]
[WhiteTeam "Wimbledon Juniors A"]
[Black "Johnston, Alexander"]
[BlackElo "1464"]
[BlackTeam "Forest Hall Juniors"]
[Result "0-1"]
[PlyCount "132"]

1. e4 c6 2. d4 d5 3. e5 c5 4. c3 Nc6 5. Nf3 Bg4 6. Be2 e6 7. O-O Nge7 8. dxc5 Ng6 9. Bb5 Bxc5 10. h3 Bxf3 11. Qxf3 Nxe5 12. Qe2 O-O 13. Bf4 Ng6 14. Bg3 a6 15. Bd3 Bd6 16. Bxd6 Qxd6 17. Nd2 Nf4 18. Qe3 Nxd3 19. Qxd3 b5 20. b4 d4 21. Nb3 Rfd8 22. Rfd1 e5 23. Nc5 Ra7 24. Ne4 Qd5 25. Ng5 g6 26. Ne4 Qc4 27. Qxc4 bxc4 28. a3 Rb7 29. cxd4 exd4 30. Rac1 Ne5 31. Nd2 c3 32. Nb3 Rbd7 33. Nc5 Rd5 34. Nxa6 Nc4 35. Nc5 Nb2 36. Re1 d3 37. Rf1 d2 38. Rxc3 d1=Q 39. Rc1 Qd4 40. Nb3 Qd3 41. Nc5 Qf5 42. Rb1 Nd3 43. Nxd3 Rxd3 44. a4 R8d4 45. a5 Qd5 46. b5 Rd1 47. b6 Rxf1+ 48. Rxf1 Qxa5 49. b7 Rb4 50. Rc1 Rxb7 51. Rf1 Qf5 52. Kh2 Qf4+ 53. g3 Qf3 54. h4 Rb2 55. Kg1 Rd2 56. h5 Rd1 57. Rxd1 Qxd1+ 58. Kg2 Qxh5 59. Kg1 Kg7 60. Kg2 Kf6 61. f3 Qe5 62. g4 h5 63. gxh5 gxh5 64. Kf2 Kf5 65. Kg2 h4 66. Kh3 Qg3# 0-1

[Event "Junior Online 4NCL Division 4"]
[Site "online"]
[Date "2021.04.15"]
[EventDate "2021.04.15"]
[Round "7.163"]
[White "Wu, Feitong"]
[WhiteElo "1390"]
[WhiteTeam "Forest Hall Juniors"]
[Black "Doorduin, Lara"]
[BlackElo "1073"]
[BlackTeam "Wimbledon Juniors A"]
[Result "1-0"]
[PlyCount "115"]

1. e4 e5 2. Nc3 Nc6 3. Bc4 Bc5 4. Qg4 g6 5. Qf3 Nf6 6. Nge2 d6 7. d3 Bg4 8. Qg3 Qe7 9. Bg5 Bxe2 10. Nxe2 h6 11. Qh4 O-O-O 12. Bxf6 Qf8 13. Bxd8 Qxd8 14. Qxd8+ Nxd8 15. O-O-O a6 16. Rhf1 b5 17. Bb3 a5 18. a4 b4 19. f4 exf4 20. Rxf4 Be3+ 21. Kb1 Bxf4 22. Nxf4 g5 23. Nd5 c6 24. Ne3 h5 25. Rf1 Rf8 26. Nf5 g4 27. Nxd6+ Kb8 28. e5 h4 29. e6 f6 30. e7 Rh8 31. Rxf6 g3 32. h3 Kc7 33. Rf8 Rxf8 34. exf8=Q Kd7 35. Qe8+ Kxd6 36. Qxd8+ Ke5 37. Qe7+ Kd4 38. Qd6+ Ke3 39. Qh6+ Kf2 40. Qxh4 Kxg2 41. Qg4 Kh2 42. h4 g2 43. Qxg2+ Kxg2 44. h5 Kg3 45. h6 Kg4 46. h7 Kg5 47. h8=Q Kg6 48. Qf8 Kg5 49. Kc1 c5 50. Kd2 c4 51. dxc4 Kh5 52. Ke3 Kg6 53. Kf4 Kh7 54. Qf5+ Kh6 55. Qg5+ Kh7 56. Kf5 Kh8 57. Kf6 Kh7 58. Qg7# 1-0

[Event "Junior Online 4NCL Division 4"]
[Site "online"]
[Date "2021.04.15"]
[EventDate "2021.04.15"]
[Round "7.164"]
[White "Shan-Muhammad, Rohan"]
[WhiteElo "1068"]
[WhiteTeam "Wimbledon Juniors A"]
[Black "Mohindra, Arun"]
[BlackElo "1275"]
[BlackTeam "Forest Hall Juniors"]
[Result "1/2-1/2"]
[PlyCount "96"]

1. e4 Nf6 2. Nc3 d5 3. exd5 Nxd5 4. Nxd5 Qxd5 5. Nf3 Bg4 6. Be2 Nc6 7. h3 Bh5 8. d3 e5 9. c4 Qa5+ 10. Bd2 Bb4 11. a3 Bxd2+ 12. Nxd2 Bxe2 13. Qxe2 Nd4 14. Qd1 O-O-O 15. b4 Qb6 16. c5 Qb5 17. O-O Qxd3 18. Qg4+ f5 19. Qd1 Ne2+ 20. Kh2 Qxd2 21. Qa4 Nc3 22. Qxa7 c6 23. Rac1 Nb5 24. Qa4 Rd3 25. Rcd1 Qc3 26. Rxd3 Qxd3 27. Qa8+ Kc7 28. Qxh8 Qxf1 29. Qxg7+ Kb8 30. Qxe5+ Nc7 31. Qxf5 Qa1 32. Qxh7 Qxa3 33. h4 Qxb4 34. h5 Qxc5 35. h6 Qd6+ 36. g3 Qf6 37. Qg8+ Ka7 38. h7 Qxf2+ 39. Kh3 Qf1+ 40. Kh4 Qh1+ 41. Kg4 Qd1+ 42. Kg5 Qd2+ 43. Kf6 Qc3+ 44. Kf7 Qc4+ 45. Kf8 Qc5+ 46. Kf7 Qc4+ 47. Kg7 Qc3+ 48. Kf7 Qc4+ 1/2-1/2

[Event "Junior Online 4NCL Division 4"]
[Site "online"]
[Date "2021.04.15"]
[EventDate "2021.04.15"]
[Round "7.165"]
[White "Roets, Nicholas"]
[WhiteElo "1240"]
[WhiteTeam "Wimbledon Juniors A"]
[Black "Hutchins, Andrew"]
[BlackElo "1449"]
[BlackTeam "Forest Hall Juniors"]
[Result "1-0"]
[PlyCount "55"]

1. e4 c5 2. d3 Nc6 3. Nd2 Nf6 4. Ngf3 e6 5. g3 Be7 6. Bg2 O-O 7. O-O d5 8. Re1 d4 9. h4 e5 10. Nf1 Be6 11. N1h2 Qd7 12. Bd2 Bh3 13. Ng5 Bxg2 14. Kxg2 h6 15. Ngf3 Nh7 16. Qe2 f5 17. c3 f4 18. cxd4 Nxd4 19. Nxd4 cxd4 20. Nf3 fxg3 21. fxg3 Qg4 22. Nxe5 Qe6 23. Nf3 Bd6 24. Nxd4 Qe5 25. Qe3 Bc5 26. Bc3 Qh5 27. Qe2 Qf7 28. Rf1 1-0

[Event "Junior Online 4NCL Division 4"]
[Site "online"]
[Date "2021.04.15"]
[EventDate "2021.04.15"]
[Round "7.166"]
[White "Johnston, Alexander"]
[WhiteElo "1464"]
[WhiteTeam "Forest Hall Juniors"]
[Black "Mallick, Ismail"]
[BlackElo "1075"]
[BlackTeam "Wimbledon Juniors A"]
[Result "1-0"]
[PlyCount "137"]

1. d4 d5 2. c4 c6 3. Nc3 Nf6 4. Nf3 Bf5 5. Bf4 Nbd7 6. e3 e6 7. Bd3 Bg6 8. a3 Be7 9. O-O O-O 10. Re1 Re8 11. Ne5 Nxe5 12. Bxe5 Bd6 13. Bxd6 Qxd6 14. c5 Qc7 15. Bxg6 hxg6 16. b4 b6 17. Rb1 b5 18. a4 a6 19. a5 e5 20. Qf3 e4 21. Qf4 Qxf4 22. exf4 Nh5 23. g3 Nf6 24. h3 Re7 25. Rb2 Rae8 26. Rbe2 Nh5 27. Kh2 f5 28. f3 e3 29. Nd1 Kf7 30. Rxe3 Rxe3 31. Rxe3 Rxe3 32. Nxe3 Nf6 33. g4 fxg4 34. hxg4 Kg8 35. Kg3 Kf7 36. Kh4 Nh7 37. Kh3 Kf6 38. g5+ Ke6 39. Kg4 Nf8 40. f5+ gxf5+ 41. Nxf5 g6 42. Nd6 Nd7 43. f4 Nf8 44. f5+ gxf5+ 45. Nxf5 Ng6 46. Nd6 Nf8 47. Kh5 Ke7 48. Kh6 Ke6 49. g6 Kf6 50. Ne8+ Ke7 51. g7 Kf7 52. gxf8=Q+ Kxf8 53. Nc7 Ke7 54. Nxa6 Kd8 55. Nb8 Kc7 56. Nxc6 Kxc6 57. Kg6 Kb7 58. Kf6 Kc6 59. Ke6 Kb7 60. Kxd5 Kc7 61. Ke6 Kb8 62. Ke7 Kc7 63. d5 Kb8 64. d6 Kc8 65. d7+ Kc7 66. d8=Q+ Kb7 67. Kd7 Ka7 68. Kc7 Ka6 69. Qa8# 1-0

[Event "Junior Online 4NCL Division 4"]
[Site "online"]
[Date "2021.04.15"]
[EventDate "2021.04.15"]
[Round "7.167"]
[White "Doorduin, Lara"]
[WhiteElo "1073"]
[WhiteTeam "Wimbledon Juniors A"]
[Black "Wu, Feitong"]
[BlackElo "1390"]
[BlackTeam "Forest Hall Juniors"]
[Result "0-1"]
[PlyCount "106"]

1. e4 e6 2. d4 d5 3. e5 c5 4. Nf3 cxd4 5. Nxd4 Bc5 6. Bf4 Qb6 7. Nb3 Bxf2+ 8. Ke2 Bh4 9. g3 Be7 10. Bg2 Nc6 11. Nc3 Bd7 12. a3 Rc8 13. Qd3 Na5 14. Nd2 Qxb2 15. Rhb1 Qxc3 16. Qxc3 Rxc3 17. Kd1 g5 18. Bxg5 Bxg5 19. h4 Bxd2 20. Kxd2 Rxg3 21. Bf1 b6 22. Be2 Nh6 23. Bh5 Nf5 24. Rf1 Nc4+ 25. Ke2 Rhg8 26. a4 Nd4+ 27. Kf2 Rg2+ 28. Ke1 Nxc2+ 29. Kd1 N4e3+ 30. Kc1 Nxa1 31. Bxf7+ Kd8 32. Bxg8 Nxf1 33. Kd1 Bxa4+ 34. Ke1 Rxg8 35. Kxf1 d4 36. h5 d3 37. h6 Be8 38. Ke1 Rg2 39. Kd1 Rg1+ 40. Kd2 Nb3+ 41. Kxd3 Nc5+ 42. Kc4 a5 43. Kc3 a4 44. Kb4 a3 45. Kxa3 Rb1 46. Ka2 Rb3 47. Ka1 Kc7 48. Ka2 Kc6 49. Ka1 Kb5 50. Ka2 Kc4 51. Ka1 Kc3 52. Ka2 Kc2 53. Ka1 Ra3# 0-1

[Event "Junior Online 4NCL Division 4"]
[Site "online"]
[Date "2021.04.15"]
[EventDate "2021.04.15"]
[Round "7.168"]
[White "Mohindra, Arun"]
[WhiteElo "1275"]
[WhiteTeam "Forest Hall Juniors"]
[Black "Shan-Muhammad, Rohan"]
[BlackElo "1068"]
[BlackTeam "Wimbledon Juniors A"]
[Result "1-0"]
[PlyCount "77"]

1. e4 e5 2. Nf3 Nc6 3. Bc4 Bc5 4. O-O Nf6 5. d4 exd4 6. e5 Ne4 7. Re1 d5 8. exd6 Bxd6 9. Rxe4+ Ne7 10. Rxd4 Nf5 11. Rd3 O-O 12. Bg5 Qe8 13. Nc3 Be6 14. Bxe6 fxe6 15. h3 h6 16. Be3 Nxe3 17. Rxe3 Rd8 18. Qe2 Bf4 19. Rxe6 Qf7 20. Re7 Qg6 21. Qe6+ Qxe6 22. Rxe6 Rd7 23. Rd1 Rxd1+ 24. Nxd1 Rd8 25. Ne3 Bxe3 26. fxe3 Kf7 27. Re4 Rd1+ 28. Kf2 Rc1 29. c3 Rc2+ 30. Kg3 Rxb2 31. Rf4+ Kg6 32. Ne5+ Kg5 33. h4+ Kh5 34. Kf3 Rxa2 35. g4+ Kxh4 36. Ng6+ Kg5 37. Ne5 a5 38. Rf5+ Kh4 39. Rh5# 1-0

[Event "Junior Online 4NCL Division 5"]
[Site "online"]
[Date "2021.01.21"]
[Round "1.11"]
[White "Kumar, Soham"]
[Black "Varea, Benjamin"]
[Result "1-0"]
[WhiteElo "1811"]
[BlackElo "1278"]
[PlyCount "73"]
[EventDate "2021.01.21"]
[WhiteTeam "Berkshire Bishops"]
[BlackTeam "Dragon Kings 1"]

1. e4 c5 2. Nf3 Nc6 3. Bb5 Nd4 4. Nxd4 cxd4 5. O-O a6 6. Be2 d6 7. c3 Qb6 8.
Qa4+ Bd7 9. Qxd4 Qc5 10. Qxc5 dxc5 11. d4 cxd4 12. cxd4 f6 13. Nc3 e5 14. dxe5
fxe5 15. Be3 Nf6 16. Rad1 Rd8 17. Bb6 Rc8 18. Rc1 Bb4 19. f3 O-O 20. a3 Bc5+
21. Bxc5 Rxc5 22. Nd5 b6 23. Nxb6 Rb5 24. Nxd7 Rxb2 25. Bc4+ Rf7 26. Nxf6+ gxf6
27. Bxf7+ Kxf7 28. Rc7+ Kg6 29. Rc6 a5 30. Ra6 Rb5 31. a4 Rc5 32. Rb1 Kg5 33.
Rbb6 Rc1+ 34. Kf2 Kf4 35. Rxf6+ Kg5 36. Rf5+ Kh4 37. Rh6# 1-0

[Event "Junior Online 4NCL Division 5"]
[Site "online"]
[Date "2021.01.21"]
[Round "1.12"]
[White "Schmidt, Eoin"]
[Black "Rybak, Teo"]
[Result "0-1"]
[WhiteElo "1045"]
[BlackElo "1780"]
[PlyCount "74"]
[EventDate "2021.01.21"]
[WhiteTeam "Dragon Kings 1"]
[BlackTeam "Berkshire Bishops"]

1. e4 e6 2. Nf3 d5 3. d3 dxe4 4. Nc3 exd3 5. cxd3 Nc6 6. d4 Nf6 7. Bg5 h6 8.
Bxf6 Qxf6 9. Bd3 Bd7 10. a3 Nxd4 11. Nxd4 Qxd4 12. O-O Bc5 13. b4 Bb6 14. Nb5
Qf6 15. a4 Bxb5 16. Bxb5+ c6 17. Bd3 Rd8 18. Qc2 O-O 19. b5 cxb5 20. axb5 Rc8
21. Qb1 Rfd8 22. Rd1 Qxf2+ 23. Kh1 Qf4 24. Bh7+ Kh8 25. Rxd8+ Rxd8 26. Bd3 Qd2
27. Qd1 Rxd3 28. Qxd2 Rxd2 29. Rc1 e5 30. g3 e4 31. h4 e3 32. g4 e2 33. g5 Kh7
34. h5 hxg5 35. Kg2 e1=Q+ 36. Kf3 Qf2+ 37. Ke4 Qf4# 0-1

[Event "Junior Online 4NCL Division 5"]
[Site "online"]
[Date "2021.01.21"]
[Round "1.13"]
[White "Sreeram, Yashasvini"]
[Black "Varea, Gabriel"]
[Result "0-1"]
[WhiteElo "1705"]
[BlackElo "955"]
[PlyCount "138"]
[EventDate "2021.01.21"]
[WhiteTeam "Berkshire Bishops"]
[BlackTeam "Dragon Kings 1"]

1. e4 e5 2. Nf3 Nc6 3. Bc4 Bc5 4. Nc3 Nf6 5. d3 O-O 6. O-O d6 7. h3 Qe7 8. Bg5
Be6 9. Bb3 h6 10. Bh4 a6 11. a3 b5 12. Bd5 Bxd5 13. Nxd5 Qd8 14. Nxf6+ gxf6 15.
Qd2 Re8 16. Qxh6 Re6 17. Rfe1 Qe7 18. Qd2 Kf8 19. Qh6+ Ke8 20. Qh8+ Qf8 21.
Qxf8+ Kxf8 22. Rad1 Bd4 23. c3 Bb6 24. d4 exd4 25. cxd4 d5 26. exd5 Rxe1+ 27.
Rxe1 Nxd4 28. Nxd4 Bxd4 29. Rb1 Rd8 30. b3 Rxd5 31. a4 bxa4 32. bxa4 Be5 33.
Bg3 Bxg3 34. fxg3 Rd4 35. Ra1 c5 36. Kf2 Rd2+ 37. Kf3 Rd3+ 38. Ke2 Rxg3 39. Rc1
Rxg2+ 40. Kf3 Ra2 41. Rc4 Ra3+ 42. Kg4 Kg7 43. h4 Kg6 44. h5+ Kh6 45. Rf4 Kg7
46. Kf5 Rh3 47. Kg4 Rh1 48. Rc4 f5+ 49. Kxf5 Rxh5+ 50. Kg4 Rd5 51. Kf4 Kh6 52.
Ke4 Rh5 53. Kd3 Rh3+ 54. Kc2 Rh2+ 55. Kb3 Rh3+ 56. Rc3 Rxc3+ 57. Kxc3 f5 58.
Kc4 Kg5 59. Kxc5 Kg4 60. Kb6 f4 61. Kxa6 f3 62. Kb5 f2 63. a5 f1=Q+ 64. Kb6
Qb1+ 65. Ka6 Kf5 66. Ka7 Ke6 67. a6 Kd7 68. Ka8 Kc8 69. a7 Qb7# 0-1

[Event "Junior Online 4NCL Division 5"]
[Site "online"]
[Date "2021.01.21"]
[Round "1.14"]
[White "Tipton, Oliver"]
[Black "Khoury, Theo"]
[Result "0-1"]
[WhiteElo "880"]
[BlackElo "1645"]
[PlyCount "70"]
[EventDate "2021.01.21"]
[WhiteTeam "Dragon Kings 1"]
[BlackTeam "Berkshire Bishops"]

1. d4 Nf6 2. e3 d5 3. Bd3 g6 4. Nf3 Bg7 5. Nc3 O-O 6. Bd2 a6 7. Qe2 b5 8. O-O
e6 9. Ne5 Bb7 10. h3 Nbd7 11. Nxd7 Qxd7 12. b3 Rac8 13. a4 b4 14. Nd1 a5 15.
Bb5 c6 16. Bd3 c5 17. Bb5 Qd6 18. dxc5 Rxc5 19. Ra2 Ne4 20. f3 Ng3 21. Qf2 Nxf1
22. Qxf1 Rfc8 23. c4 bxc3 24. Bxc3 Bxc3 25. Nxc3 Rxc3 26. Ra1 Rxe3 27. Qf2 d4
28. Re1 Rxe1+ 29. Qxe1 d3 30. Qd2 Qd4+ 31. Kh1 Rc2 32. Qg5 d2 33. Qe7 d1=Q+ 34.
Kh2 Q1g1+ 35. Kg3 Qxg2# 0-1

[Event "Junior Online 4NCL Division 5"]
[Site "online"]
[Date "2021.01.21"]
[Round "1.15"]
[White "Varea, Benjamin"]
[Black "Kumar, Soham"]
[Result "0-1"]
[WhiteElo "1278"]
[BlackElo "1811"]
[PlyCount "108"]
[EventDate "2021.01.21"]
[WhiteTeam "Dragon Kings 1"]
[BlackTeam "Berkshire Bishops"]

1. e4 c5 2. Nf3 d6 3. d4 cxd4 4. Nxd4 Nf6 5. Nc3 a6 6. Be3 e5 7. Nb3 Be6 8. f4
exf4 9. Bxf4 Be7 10. Qd2 Nc6 11. O-O-O Bxb3 12. cxb3 Rc8 13. Kb1 Qa5 14. g4 O-O
15. g5 Nh5 16. Be3 Nb4 17. Be2 g6 18. a3 Nc6 19. Bxh5 gxh5 20. Bf4 Rfd8 21.
Rhf1 b5 22. Nd5 Qxd2 23. Rxd2 Rd7 24. Nxe7+ Rxe7 25. Re1 Rd8 26. Rxd6 Rxd6 27.
Bxd6 Re6 28. Bf4 Nd4 29. e5 Nxb3 30. Re3 Nd2+ 31. Kc2 Nc4 32. Re4 Rc6 33. Kb1
Nb6 34. Rd4 Kg7 35. h4 Re6 36. Rd6 Nc4 37. Rxe6 fxe6 38. Kc2 Kg6 39. Bh2 Kf5
40. b3 Nxe5 41. Bxe5 Kxe5 42. Kd3 Kf4 43. a4 bxa4 44. bxa4 a5 45. Kc4 e5 46.
Kb5 e4 47. Kxa5 e3 48. Kb4 e2 49. a5 e1=Q+ 50. Kb5 Qb1+ 51. Ka6 Ke5 52. Ka7 Kd6
53. a6 Kc7 54. Ka8 Qb8# 0-1

[Event "Junior Online 4NCL Division 5"]
[Site "online"]
[Date "2021.01.21"]
[Round "1.16"]
[White "Rybak, Teo"]
[Black "Schmidt, Eoin"]
[Result "1-0"]
[WhiteElo "1780"]
[BlackElo "1045"]
[PlyCount "65"]
[EventDate "2021.01.21"]
[WhiteTeam "Berkshire Bishops"]
[BlackTeam "Dragon Kings 1"]

1. e4 e5 2. Nf3 Nc6 3. Bc4 Nf6 4. Ng5 d5 5. exd5 Na5 6. Bb5+ c6 7. dxc6 bxc6 8.
Be2 h6 9. Nf3 e4 10. Ne5 Bd6 11. d4 Bxe5 12. dxe5 Qxd1+ 13. Bxd1 Nd7 14. Nc3 c5
15. Nxe4 Nxe5 16. Nxc5 O-O 17. O-O Bf5 18. Re1 Nac6 19. c3 Rfd8 20. Bb3 Nd3 21.
Nxd3 Bxd3 22. Bf4 Na5 23. Ba4 g5 24. Bc7 Rd5 25. Rad1 Nc4 26. Bc6 Nxb2 27. Bxd5
Nxd1 28. Bxa8 Nxc3 29. Re8+ Kh7 30. Be5 Ne2+ 31. Kh1 Be4 32. Bxe4+ f5 33. Bxf5#
1-0

[Event "Junior Online 4NCL Division 5"]
[Site "online"]
[Date "2021.01.21"]
[Round "1.17"]
[White "Varea, Gabriel"]
[Black "Sreeram, Yashasvini"]
[Result "0-1"]
[WhiteElo "955"]
[BlackElo "1705"]
[PlyCount "64"]
[EventDate "2021.01.21"]
[WhiteTeam "Dragon Kings 1"]
[BlackTeam "Berkshire Bishops"]

1. e4 c5 2. Nf3 d6 3. Bb5+ Bd7 4. Bxd7+ Qxd7 5. O-O Nf6 6. d3 g6 7. Bg5 Bg7 8.
Bxf6 Bxf6 9. Nbd2 Nc6 10. Re1 Bxb2 11. Rb1 Bg7 12. Nc4 O-O 13. h3 Rab8 14. e5
dxe5 15. Nfxe5 Nxe5 16. Nxe5 Bxe5 17. Rxe5 Qd6 18. Qe2 Rfe8 19. c3 b6 20. c4
Rbd8 21. Rd5 Qc7 22. Rxd8 Rxd8 23. Qg4 Qd7 24. Qxd7 Rxd7 25. Rb3 Kg7 26. Kf1
Kf6 27. Ke2 Ke5 28. Ke3 e6 29. f4+ Kf6 30. g4 Ke7 31. Ke4 Rd4+ 32. Ke5 f6# 0-1

[Event "Junior Online 4NCL Division 5"]
[Site "online"]
[Date "2021.01.21"]
[Round "1.18"]
[White "Khoury, Theo"]
[Black "Tipton, Oliver"]
[Result "1-0"]
[WhiteElo "1645"]
[BlackElo "880"]
[PlyCount "47"]
[EventDate "2021.01.21"]
[WhiteTeam "Berkshire Bishops"]
[BlackTeam "Dragon Kings 1"]

1. e4 e5 2. Nf3 Nc6 3. d4 exd4 4. Nxd4 d6 5. Nxc6 bxc6 6. Bc4 Qh4 7. O-O Qxe4
8. Re1 Qxe1+ 9. Qxe1+ Ne7 10. Nc3 d5 11. Bb3 Be6 12. Bf4 d4 13. Bxe6 dxc3 14.
Bb3 cxb2 15. Rb1 O-O-O 16. Bxf7 Nd5 17. Be6+ Kb8 18. Rxb2+ Ka8 19. Bxd5 cxd5
20. Bxc7 a6 21. Bxd8 Ka7 22. Qa5 Bb4 23. Qxb4 Rxd8 24. Qb7# 1-0

[Event "Junior Online 4NCL Division 5"]
[Site "online"]
[Date "2021.01.21"]
[Round "1.21"]
[White "Cream, Toby"]
[Black "Sanger, Jake M"]
[Result "0-1"]
[WhiteElo "1100"]
[BlackElo "2343"]
[PlyCount "84"]
[EventDate "2021.01.21"]
[WhiteTeam "King's Cross Kings"]
[BlackTeam "Lenzie Basilisks"]

1. e4 e6 2. d4 d5 3. exd5 exd5 4. Nc3 Nf6 5. Nf3 c6 6. Bf4 Bb4 7. Qe2+ Ne4 8.
Bd2 Bxc3 9. Bxc3 O-O 10. Qd3 Bf5 11. Qe3 Re8 12. Be2 Ng3 13. Qxe8+ Qxe8 14.
hxg3 Nd7 15. Ng5 Nf6 16. Bd2 Bxc2 17. Be3 h6 18. Nf3 Ng4 19. Kd2 Nxe3 20. fxe3
Bh7 21. Rh5 Qe4 22. Rc1 Re8 23. Re5 Rxe5 24. Nxe5 Qxg2 25. b4 f6 26. Nf3 Qxg3
27. Rg1 Qd6 28. a3 Be4 29. Ne1 a5 30. Kc3 Qh2 31. Rxg7+ Kxg7 32. Bf1 Qa2 33.
bxa5 Qxa3+ 34. Kd2 Qxa5+ 35. Ke2 b5 36. Kf2 b4 37. Bh3 b3 38. Bd7 b2 39. Bxc6
b1=Q 40. Ng2 Qd2+ 41. Kg3 Qxg2+ 42. Kf4 Qbf1# 0-1

[Event "Junior Online 4NCL Division 5"]
[Site "online"]
[Date "2021.01.21"]
[Round "1.22"]
[White "Moroz, Michael"]
[Black "Tomita, Akito"]
[Result "1-0"]
[WhiteElo "1330"]
[BlackElo "1000"]
[PlyCount "61"]
[EventDate "2021.01.21"]
[WhiteTeam "Lenzie Basilisks"]
[BlackTeam "King's Cross Kings"]

1. e4 d5 2. exd5 Qxd5 3. Nc3 Qe6+ 4. Be2 Nc6 5. Nf3 Nf6 6. O-O Ng4 7. Ng5 Qh6
8. Bxg4 Qxg5 9. Bxc8 Rxc8 10. d4 e6 11. Bxg5 f6 12. Bh4 g5 13. Qh5+ Kd8 14. Bg3
Nxd4 15. Rad1 e5 16. Ne2 c5 17. c3 b6 18. cxd4 exd4 19. Qf7 Rc7 20. Qxf6+ Be7
21. Qxh8+ Kd7 22. Bxc7 Kxc7 23. Qxh7 Kd7 24. Ng3 a5 25. Nf5 Kc6 26. Qxe7 b5 27.
Qd6+ Kb7 28. Rfe1 Kc8 29. Re8+ Kb7 30. Re7+ Kc8 31. Qc7# 1-0